000 01391naa a22003617a 4500
001 BR7405507
003 BR-BrBNA
005 20240918173628.0
007 ta
008 230509b bl.||||| |||| 00| 0 por d
040 _aBR-BrBNA
_bpor
_cBiblioteca Nacional de Agricultura
041 _a(Pt)
072 _aL36
_b1950
_bG514
090 _aL36 BR7405507
100 1 _aNascimento Junior, D. do
100 1 _aCastelo Branco, L.J.
100 1 _aAndrade, I.F. de
100 1 _aSoter, M.
100 1 _aFerreira, M.B.
111 1 _a11. Reuniao da Sociedade Brasileira de Zootecnia
_cFortaleza, CE (Brazil)
_d22 Jul 1974
245 1 _aColeta e avaliacao de leguminosas nativas do estado de Minas Gerais visando sua selecao e melhoramento para pastagens [Brasil]
260 3 _aFortaleza, CE (Brasil):
_bUniversidade Federal do Ceara,
_c1974.
500 _aAnais da 11. Reuniao da Sociedade Brasileira de Zootecnia Fortaleza, CE (Brasil): Universidade Federal do Ceara, 1974. p. 283-284 (BR7405507-AM)L36
650 _aComposicao de alimento
650 _aLeguminosa forrageira
650 _aPastejo
650 _aForragem
650 _aAnalise quimica
650 _aMinas Gerais
773 0 _tAnais da 11. Reuniao da Sociedade Brasileira de Zootecnia
_wL36 BR7405507
_gFortaleza, CE (Brasil), 1974. p. 283-284
909 _a202404
_bLucia
_c55
_dLucia Elande
942 _cAM
_2AGRIS
999 _c305843
_d305843